000 00331nam a2200133Ia 4500
008 240624s9999 xx 000 0 und d
041 _aeng
082 _a307.14 KUM
100 _aKUMAR SOMESH
245 _aMETHODS FOR COMMUNITY PARTICIPATION A CO
260 _c2002
_aNew Delhi
_bVistaar Publication
300 _a333
365 _cRS
999 _c1139
_d1139